Hiszpania A-Ż - Statystyki

Ogólne statystyki
  • Ten quiz został rozwiązany 3 929 razy
    3 864 od ostatniego zresetowania
  • Średni wynik to 13 z 24
Statystyki odpowiedzi
Wskazówka Odpowiedź % Poprawnych
A Najmniejsze graniczące państwo Andora
98%
B Największe nadmorskie miasto Barcelona
93%
M Stolica Madryt
91%
I Półwysep na którym leży Hiszpania Iberyjski
86%
E Hiszpańska nazwa dla Hiszpanii España
80%
G Terytorium zamorskie Wielkiej Brytanii na południu państwa Gibraltar
78%
P Kubistyczny malarz Pablo {Picasso}
77%
S Stolica Andaluzji; Figaro się tam ożenił Sewilla
64%
N Sportowiec znany jako Rafa Nadal
63%
T Najludniejsza wysp z wysp kanaryjskich Teneryfa
61%
W ____ o sukcesję hiszpańską Wojna
59%
F Dawny dyktator Francisco {Franco}
54%
Z Hiszpańska nazwa dla Saragossy Zaragoza
53%
H Dynastia, która rządziła Hiszpanią Habsburgowie
48%
O Osiem po hiszpańsku Ocho
45%
Ż Ta rzecz odegrała dużą rolę w historii, związana ze statkami żegluga
38%
C Enklawa w Afryce Ceuta
36%
Ł W Hiszpanii można znaleźć pozostałości rzymskich ____ łaźni
36%
L Królestwo, które połączyło się z Kastylią w 1301r. León
27%
U Formalnie "ty" po hiszpańsku Usted
22%
D Długa rzeka, która wpływa do Portugalii Duero
15%
J _____ de la Frontera Jerez
11%
R Region winiarski Rioja
9%
K Inny przydomek Filipa I Pięknego Kastylijski
8%
Nie znaleziono quizów pasujących do podanych kryteriów
Rozkład punktacji
Procent ludzi z każdym wynikiem
Percentyl według liczby udzielonych odpowiedzi
Twoja historia wyników
Nie rozwiązałeś tego quizu od ostatniego zresetowania